Normal view
MARC view
- ISLAM-MAMOOLAT RASOOL AKRAM(PEACE BE UPON HIM)
Entry Topical Term
001 - CONTROL NUMBER
- control field: 57518
003 - CONTROL NUMBER IDENTIFIER
- control field: NUST
005 - DATE AND TIME OF LATEST TRANSACTION
- control field: 20210628201936.0
008 - FIXED-LENGTH DATA ELEMENTS
- fixed length control field: 210628|| aca||aabn | a|a d
040 ## - CATALOGING SOURCE
- Original cataloging agency: NUST
- Transcribing agency: NUST
150 ## - HEADING--TOPICAL TERM
- Topical term or geographic name entry element: ISLAM-MAMOOLAT RASOOL AKRAM(PEACE BE UPON HIM)
670 ## - SOURCE DATA FOUND
- Source citation: Work cat.: (NUST): Ahmed Bin Muhammad Aldinoori,Muhammd farooq, mufti 57517, Rasool allah (peace be upon him) kay din aur raat,prophet muhammad (pbuh) key baberkat amaal aur dowaay, 2004
